عرض عادي عرض مارك
  • Raouf, A.

مدخل إسم شخص

عدد التسجيلات المستخدمة في: 1

001 - رقم الضبط

  • حقل الضبط: 74495

003 - معرف رقم الضبط

  • حقل الضبط: OSt

005 - تاريخ ووقت أخر عملية

  • حقل الضبط: 20190821112341.0

008 - عناصر بيانات ثابتة الطول

  • حقل تحكم ثابت الطول: 190821|| aca||aabn | a|a d

040 ## - مصدر الفهرسة

  • هيئة الفهرسة الأصلية: OSt
  • وكالة الكتابة: OSt

100 ## - مدخل -- أسم شخص

  • إسم شخص: Raouf, A.
  • الشكل الكامل للاسم: (Abdul),
  • تواريخ مرتبطة بالاسم: 1929-
  • مصطلح الرابط: author.

670 ## - بيانات المصدر موجوده

  • الاستشهاد بالمصدر: Work cat.: (OSt)0: Duffuaa, S. (Salih), author. 74487, Planning and control of maintenance systems :